logo

Bir Sreshtho Munshi Abdur Rouf Library
Jhenaidah Cadet College

জীবন কথা / (Record no. 1360)

MARC details
000 -LEADER
fixed length control field 00657nam a2200241 a 4500
001 - CONTROL NUMBER
JCCL Control Number 1360
003 - CONTROL NUMBER IDENTIFIER
JCCL marc code BD-JhCC
005 - DATE AND TIME OF LATEST TRANSACTION
control field 20191107134007.0
008 - FIXED-LENGTH DATA ELEMENTS--GENERAL INFORMATION
fixed length control field 171018s2011 bg |||| ||a| 000 0 ben d
020 ## - INTERNATIONAL STANDARD BOOK NUMBER
International Standard Book Number 9844600499
035 ## - SYSTEM CONTROL NUMBER
system control number (BD-JhCC) 1360
040 ## - CATALOGING SOURCE
Original cataloging agency BD-JhCC
Modifying agency BD-JhCC
041 ## - LANGUAGE CODE
Language code of Book ben
082 ## - DEWEY DECIMAL CLASSIFICATION NUMBER
Classification number 923.1
Author mark and Year UDD 2011
100 ## - MAIN ENTRY--PERSONAL NAME
Personal name উদ্দীন, জসীম
245 ## - TITLE STATEMENT
Title জীবন কথা /
Statement of responsibility, etc জসীম উদ্দীন
260 ## - PUBLICATION, DISTRIBUTION, ETC. (IMPRINT)
Place of publication, distribution, etc ঢাকা :
Name of publisher, distributor, etc পলাশ প্রকাশনী :
Date of publication, distribution, etc 2011
300 ## - PHYSICAL DESCRIPTION
Pagination 296 p .:
Dimensions 22 mcm .
650 ## - SUBJECT ADDED ENTRY--TOPICAL TERM
Topical term or geographic name as entry element Autobigraphy
651 ## - SUBJECT ADDED ENTRY--GEOGRAPHIC NAME
Geographic name Bangladesh
942 ## - ADDED ENTRY ELEMENTS (KOHA)
Source of classification or shelving scheme Dewey Decimal Classification
Koha item type Books
Koha issues (borrowed), all copies 2
Holdings
Source of classification or shelving scheme Damaged status Not for loan Home library Current library Shelving location Date of accession Cost, normal purchase price Total Checkouts Full call number Barcode Date last seen Copy number Koha item type Date checked out
Dewey Decimal Classification     JCC Rouf Library JCC Rouf Library General Stacks 10/18/2017 300.00   923.1 UDD 2011 2195 10/18/2017 C-1 Books  
Dewey Decimal Classification     JCC Rouf Library JCC Rouf Library General Stacks   5.75   923.1 UDD 2011 8859 01/30/2018 C-2 Books  
Dewey Decimal Classification     JCC Rouf Library JCC Rouf Library General Stacks 03/05/2018 5.75   923.1 UDD 2011 11793 03/05/2018 C-3 Books  
Dewey Decimal Classification     JCC Rouf Library JCC Rouf Library General Stacks 07/24/2018 350.00 2 923.1 UDD 2017 14153 11/26/2019 C-4 Books 11/06/2019

JCC Library | Contacts | JCC Home

Last Update on 23 September 2017
Copyright @ 2017-2020 JCC Rouf Library
Rouf Library, Jhenidah Cadet College (JCC), Bangladesh